000 00630nam a22001817a 4500
999 _c372230
_d372230
008 201127b ||||| |||| 00| 0 eng d
040 _aDE-2950
_bger
_cDE-2950
_erda
041 _ager
245 _aGleich zwei Gottesdienste zum 120. Wichern-Jubiläum/
_cFoto: René Matschkowiak
264 _c2023
653 _aFrankfurt (Oder)
653 _aWichern Diakonie 1903 - 2023
773 _dFrankfurt (Oder) Märkisches Verlags- und Druckhaus GmbH & Co KG
_tMärkische Oderzeitung
_g34. Jahrgang (2023) Nr. 40 vom 16.02.2023, S.1: mit Foto
942 _cA